| 000 | 00505nam a2200193Ia 4500 | ||
|---|---|---|---|
| 008 | 230125s9999 xx 000 0 und d | ||
| 020 | _a0-06-095643-7 | ||
| 041 | _aeng | ||
| 082 |
_a651.75 _bROM |
||
| 100 |
_aRoman K _9110061 |
||
| 245 | _aWriting that works | ||
| 260 |
_c2004 _bRupa & Co. Publisher _aNew Delhi |
||
| 300 | _a193p | ||
| 500 | _aBusiness letters;Letter writing | ||
| 650 | _aCommunication | ||
| 700 |
_aRoman K & Rapbaelsan J _9114036 |
||
| 906 | _b39 | ||
| 999 |
_c91314 _d91314 |
||